| 000 | 01204cam a22003614a 4500 | ||
|---|---|---|---|
| 001 | 114844 | ||
| 005 | 20230410132614.0 | ||
| 008 | 061108r20071971nyu 000 1 eng | ||
| 035 | _a14628134 | ||
| 010 | _a 2006052794 | ||
| 020 | _a9780142438008 | ||
| 040 |
_aDLC _cDLC _dDLC |
||
| 041 | _aEng | ||
| 042 | _apcc | ||
| 043 | _anwcu--- | ||
| 050 | 1 | 4 |
_aPR 6013 _bG799o 2007 |
| 082 | 0 | 0 | _a823 |
| 100 | 1 |
_aGreene, Graham, _dG799 1904-1991. |
|
| 245 | 1 | 0 |
_aOur man in Havana / _cGraham Greene ; introduction by Christopher Hitchens. |
| 260 |
_aNew York : _bPenguin Books, _c2007. |
||
| 300 |
_axxiii, 228 p. ; _c20 cm. |
||
| 440 | _aPenguin classics | ||
| 490 | 0 | _aPenguin classics | |
| 520 | _aFollows the plight of Wormold, a former vacuum cleaner salesman, who becomes a slave to the expensive whims of his thirteen-year-old daughter, Milly, and takes on a job for MI6 as Secret Agent 5920015 to pay for them. | ||
| 650 | 0 |
_aIntelligence service _vFiction. |
|
| 650 | 4 |
_aServicio de Inteligencia _vFicción. |
|
| 651 | 0 |
_aHavana (Cuba) _vFiction. |
|
| 655 | 7 |
_aHumorous fiction. _2gsafd |
|
| 655 | 7 |
_aSpy stories. _2gsafd |
|
| 655 | 0 | _aSatire. | |
| 942 |
_2lcc _cbk |
||
| 946 | _adpf | ||
| 999 |
_c84512 _d84512 |
||